Cẩm nang xử lý sự cố điện - điện tử

Đã lưu trong:
Bibliografiske detaljer
Format: Bog
Sprog:Vietnamese
Udgivet: Đà Nẵng 2001
Fag:
Tags: Tilføj Tag
Ingen Tags, Vær først til at tagge denne postø!
Thư viện lưu trữ: Mạng thư viện Đại học Đà Nẵng
LEADER 01026nam a2200313 a 4500
001 000002676
003 01377
005 20171229145311.0
008 171229s2001 vie
040 |a LSK 
041 0 |a VIE 
082 0 |a 621.3  |b TR-S 
245 0 0 |a Cẩm nang xử lý sự cố điện - điện tử  |c Trần Thế San, Nguyễn Trọng Thắng 
260 |b Đà Nẵng  |c 2001 
300 |a 320 pages  |c 24 cm. 
653 |a Điện 
653 |a Điện tử - Xử lý sự cố 
852 |a Phòng Đọc - Phòng Mượn 
901 |a 22 
927 |a Sách tham khảo 
OWN |a LSK 
AVA |a UDN50  |b LSK  |d 621.3 TR-S  |e check_holdings  |t Error 5003 Not defined in file expand_doc_bib_avail.  |h N  |k 1 
999 |a From the UDN01 
AVA |a UDN50  |b LSK  |d 621.3 TR-S  |e available  |t Error 5001 Not defined in file expand_doc_bib_avail.  |f 22  |g 0  |h N  |i 2  |k 1 
TYP |a Monograph 
TYP |a Printed language 
980 |a Mạng thư viện Đại học Đà Nẵng